Nebraska's original 9 counties - Statistics

General Stats
  • This quiz has been taken 7 times
  • The average score is 5 of 9
Answer Stats
Answer % Correct
Douglas
100%
Washington
86%
Cass
57%
Old Pierce (Otoe)
57%
Dodge
43%
Forney (Nemaha)
43%
Richardson
43%
Burt
29%
Jones
0%
No matching quizzes found
Score Distribution
Percent of People with Each Score
Percentile by Number Answered
Your Score History
You have not taken this quiz